Statistics for Ancient Egyptian History by Picture

Click here to take the quiz!

General Stats

  • This quiz has been taken 949 times
    (945 since last reset)
  • The average score is 12 of 20

Answer Stats

Answer% Correct
Tutankhamun
95%
Sphinx
94%
Mummy
94%
Pyramids of {Giza}
88%
Cleopatra
77%
{Rosetta} Stone
74%
Papyrus
73%
Alexander the Great
70%
Nefertiti
65%
Book of the {Dead}
63%
Hieroglyphs
62%
Pharaoh
61%
Osiris
50%
The Exodus
50%
Luxor
42%
Ankh
41%
Memphis
35%
Fertile Crescent
28%
Abu Simbel
27%
Pharos
19%

Score Distribution

Percentile by Number Answered

Percent of People with Each Score

Your Score History

You have not taken this quiz since the last reset